000 00498nam a2200181Ia 4500
008 240925s9999 xx 000 0 und d
020 _a735700109
082 _a004.67 TES
100 _aAdamson, Jay
245 0 _aNetworking Essentials Test Prep MCSE
250 _a2nd
260 _aIndianapolis:
_bNew Riders
_c,1999.
300 _axlii1164p.
_bNA
_fOriginal
500 _aIncludes Index
600 _aComputer Science
650 _aComputer science, information & general works
942 _cBK
999 _c5855
_d5855